00780nam a22002537a 450000500170000001000130001702000230003003500130005303700160006604000120008208200110009410000240010524500900012925000110021926000450023027000380027530000340031350000180034765000260036565000220039165000490041365000400046270000240050220170124105910.0 aA-817299 a812031039Xc295.00 aA-817299 bCen Lib/Ret aDPLbEN a658.18 aHorne, James C. Van aFundamental of financial management /cby James C. Van Horne [and] John M. Wachowicz  a9th ed aNew DelhibPrentice hall of India c1996 a m-97 Connaught circusbNew Delhi axviii,763p. :c24cm(Hb)bill. aInclude index aFinancial management  aMoney and banking a वित्तीय प्रबंधन aधन और बैंकिंग a`Wachowicz, John M.